000 00538nam a2200205Ia 4500
005 20250326144627.0
008 250326s9999 xx 000 0 und d
020 _a978-81-265-2504-1
037 _aTextbook
040 _aFMSL
_beng
_cFMSL
041 _aeng
_2eng
084 _aX:51 P8
_qFMSL
100 _aRyans A
_9749775
245 0 _aBeating low cost competition
_cRyans A
260 _aNew Jersey
_bNew Jersey, Wiley
_c2008
300 _a256p
365 _b325
942 _cTB
_hX:51 P8
999 _c1304377
_d1304377